| 000 | 00322 a2200133 4500 | ||
|---|---|---|---|
| 999 |
_c324298 _d324298 |
||
| 001 | 89225 | ||
| 003 | NUST | ||
| 082 | _a891.4392 BAN | ||
| 100 |
_aBanoo Qudsia _99437 |
||
| 245 | _aPhir Achanak Youn Huwa | ||
| 260 |
_aLahore _bSang-e-meel Publications _c2013 |
||
| 300 | _a368p. | ||
| 500 | _aGeneral Books | ||
| 942 |
_aCAE NUST _cBK _k891.4392 BAN _2ddc |
||